000
00520nam a2200181Ia 4500
008
090124s9999 xx 000 0 und d
082
_b
28820
100
_a
रजनीश ओशो
245
_a
अमृत-पत्रे
250
_a
0
260
_b
जीवन जागृती केंद्र
300
_a
162
600
_a
रजनीश ओशो
630
_a
अमृत-पत्रे
700
_a
रजनीश ओशो
730
_a
अमृत-पत्रे
942
_c
BOOK
999
_c
94572
_d
94572